000 04087nkm0a2200625 4500
001 RU\NLR\BIBL_A\011516268
005 20260406110145.0
035 _a(NLR Aleph) 011516268
071 5 0 _a41
090 _a13457715
_c13457715
100 _a20171103d1918 |||y0rusy50 ca
101 0 _arus
102 _aRU
116 _afiybxx xx ae
135 _acrcn 024anaba
200 1 _aК годовщине социалистической революции 25-го октября 1917 - 1918 г.
_bИзоматериал
_e[открытка]
210 _aПетроград
_cизд. Я.В. Штейнберг
_d1918
_gФотопеч. А.И. Центер
215 _a1 л.
_cфотография
_d8,6х13,7
300 _aСправа внизу вых. дан. оригинала: изд. Контрагентства В.Ц.И.К.
301 _aИзд. номер: 41
325 1 _aКопия доступна в электронной библиотеке РНБ
327 0 _aКруговая композиция, в центре которой портрет под загл.: В.И. Ленин. Рядом герб РСФСР и портреты под загл.: Покровский ; Каменев ; Свердлов ; Луначарский ; Коллонтай ; Крыленко ; Зиновьев ; Бухарин ; Троцкий ; Рыков ; Радек. Вверху виды под загл.: Смольный ; Кремль Москва
464 0 _15401#$aВладимир Ильич Ленин
464 0 _15401#$aМихаил Николаевич Покровский
464 0 _15401#$aЛев Борисович Каменев
464 0 _15401#$aЯков Михайлович Свердлов
464 0 _15401#$aАнатолий Васильевич Луначарский
464 0 _15401#$aАлександра Михайловна Коллонтай
464 0 _15401#$aНиколай Васильевич Крыленко
464 0 _15401#$aГригорий Евсеевич Зиновьев
464 0 _15401#$aНиколай Иванович Бухарин
464 0 _15401#$aЛев Давидович Троцкий
464 0 _15401#$aАлексей Иванович Рыков
464 0 _15401#$aКарл Бернгардович Радек
464 0 _12001#$aСмольный
_tСмольный
464 0 _12001#$aКремль Москва
_tКремль Москва
606 1 _aПочтовые открытки маркированные художественные
_yСССР
_z1917 - 1941
_92195712
_3RU\NLR\AUTH\6601555037
606 1 _aФотографические открытки
_92151039
_3RU\NLR\AUTH\661600135
610 1 _aПортретные открытки
686 0 _aЩ153(2)7-489
712 0 0 _4650
_aШтейнберг,
_cПетроград
_gЯков Владимирович,
_hиздательство художественных открытых писем
_9540819
_3RU\NLR\AUTH\880438280
712 0 0 _4410
_aЦентер,
_cПетроград
_gАвгуст Иоганнович,
_hиздательство и фотопечатня
_9436944
_3RU\NLR\AUTH\880385346
712 0 2 _4650
_a"Центропечать", агентство
_cМосква
_9281978
_3RU\NLR\AUTH\885164
852 0 0 _aNLR
_bЭ
_jОП/Т764
_mЭот99225
856 0 _uhttp://vivaldi.nlr.ru/lo000071716/view
856 1 _uhttp://vivaldi.nlr.ru/lo000071716/cover
856 2 _uhttp://vivaldi.nlr.ru/lo000071716/text
901 _eИзографические материалы
942 _cVISUAL
980 _aNB
981 2 2 _a(22) Материалы по истории России
_b(22) История России с 25 октября (7 ноября) 1917 года
981 1 7 _a(17) Изографические материалы
_b(17) Открытки
_bПортреты